| 000 | 01081nam a22003257a 4500 | ||
|---|---|---|---|
| 003 | CHAP | ||
| 005 | 20220329140907.0 | ||
| 008 | 971013s1993 r 00010 d | ||
| 010 | _a59415 | ||
| 011 | _a60387 | ||
| 035 | _a64548 | ||
| 040 | _cCHAP | ||
| 082 |
_a338.14 _bC34 |
||
| 100 | 0 | 0 |
_aCaldentey Albert, Pedro. _917351 |
| 245 | _aEconomía de los mercados agrarios | ||
| 260 |
_aMadrid : _bMundi-Prensa, _c1993 |
||
| 300 | _a218 p. | ||
| 590 |
_aBATCH-UPD _b10 _c20130110 _lUCH01 _h0641 |
||
| 590 |
_aBATCH-UPD _b10 _c20130410 _lUCH01 _h0325 |
||
| 590 |
_aBATCH-UPD _b10 _c20130914 _lUCH01 _h1549 |
||
| 590 |
_aCONVERSION _b10 _c20130109 _lUCH01 _h1332 |
||
| 650 | 1 | 4 |
_aProductos agrícolas _xAspectos económicos _zPuebla. _991920 |
| 650 | 1 | 4 |
_aProductos agrícolas _xMercadeo. _991951 |
| 650 | 1 | 4 |
_aProductos agrícolas _xPrecios. _992004 |
| 650 | 1 | 4 |
_aProductos agrícolas _xTransporte. _992035 |
| 700 | 0 |
_aGómez Muñoz, Ana Cristina. _949825 |
|
| 901 | _aBK | ||
| 942 | _cLIBRO | ||
| 949 |
_a338.14 C34 _bBC _cLIBRO _d33724000083762 _eLIBRO _gI. 181140 _h90116 _i64548 _si _t163.00 |
||
| 999 |
_c59415 _d59415 |
||